000 00755nam a2200253 a 4500
001 9402
003 CO-ViMGA
008 141112s2004 ck r 000 u spa d
040 _aCO-ViMGA
_bspa
_cCO-ViMGA
082 0 4 _a796.4 G216
100 1 _aGarcia Blanco ; Saúl,
_910238
245 1 0 _aLa Educación Fisica entre los Mexicanos
260 _aMadrid :
_bEditorial Gymnos,
_c1997
300 _a163p.
500 _aCoección Monografías sobre cienia dela A.F y Deporte.
650 1 4 _aeducación CORPORAL
_910239
650 1 4 _aeducación MUSICAL
_910240
650 1 4 _aJUEGOS
650 1 4 _aJUEGOS DE AZAR
_9413
650 1 4 _aJUEGOS INFANTILES
_910241
650 1 4 _aJUEGOS POPULARES
_910242
650 1 4 _aMEDICINA DEPORTIVA
_93224
942 _2ddc
_cBK
999 _c20922
_d20922